000
00291nam a22001217a 4500
003
OSt
008
231011b |||||||| |||| 00| 0 eng d
041
_a
eng
082
_a
894.8121
_b
YOG
245
_a
Pattukal Vol.1
260
_a
Thrissur
_b
Yogkshemam company, Thrishivaperur
_c
1927
942
_c
BK
999
_c
17736
_d
17736